|
|
|
|
| LEADER |
00000nab a2200000uu 4500 |
| 001 |
vtls011453177 |
| 003 |
SK-MaSNL |
| 005 |
20260303113252.0 |
| 008 |
230121|1966 xo |||||||||||||||||cze| |
| 015 |
|
|
|a SNBRB
|
| 035 |
|
|
|a (urnnbn)urn:nbn:sk:snk:ar-00807j
|
| 035 |
|
|
|a (uuid)50f32222-46ff-4699-9175-96a3c2955f37
|
| 035 |
|
|
|a urn:nbn:sk:snk-abcoqo
|
| 040 |
|
|
|a SNKBUCL
|b slo
|c SNKBUCL
|e AACR2
|
| 041 |
0 |
|
|a cze
|
| 044 |
|
|
|a xo
|c SK
|
| 100 |
1 |
|
|a Kameníková, L.-SLÁMOVÁ
|4 aut
|9 1126838
|
| 245 |
1 |
0 |
|a BIOSYNTHETICKÉ REAKCE PŘI METABOLISMU A DETOXIKACI LÉČIV A CHEMICKÝCH LÁTEK
|c L. Kameníková-Slámová
|
| 773 |
0 |
|
|t Farmaceutický obzor : odborný časopis Ministerstva zdravotníctva Slovenskej republiky a Slovenskej zdravotníckej univerzity v Bratislave
|g Roč. 35, č. 4 (1966), s. 152-161
|
| 954 |
|
|
|a odborná, vedecká literatúra cudzojazyčná (svetová)
|2 lita
|
| 958 |
|
|
|a OND
|
| 958 |
|
|
|a EUIPO
|
| 958 |
|
|
|a article16
|
| 999 |
|
|
|c 1891413
|d 1893343
|